| 000 | 00977cam a22003015a 4500 | ||
|---|---|---|---|
| 001 | 016182463 | ||
| 003 | EG-ScBUE | ||
| 005 | 20220818093122.0 | ||
| 008 | 120926t2013 caua f 000 0 eng d | ||
| 020 | _a9781600583025 (pbk.) | ||
| 020 | _a1600583024 | ||
| 040 |
_aStDuBDS _beng _erda _cStDuBDS _dEG-ScBUE |
||
| 082 | 0 | 4 |
_a701.85 _222 _bMOL |
| 100 | 1 |
_aMollica, Patti, _eauthor. _938436 |
|
| 245 | 1 | 0 |
_aColor theory / _cby Patti Mollica. |
| 246 | 3 | 4 |
_aColor theory : _ban essential guide to color-from basic principles to practical applications |
| 264 | 1 |
_aIrvine, CA : _bWalter Foster Publishing, Inc., _c[2013] |
|
| 264 | 4 | _cc2013 | |
| 300 |
_a64 pages : _bcolor illustrations ; _c26 cm. |
||
| 336 |
_2rdacontent _atext _btxt |
||
| 337 |
_2rdamedia _aunmediated _bn |
||
| 338 |
_2rdacarrier _avolume _bnc |
||
| 490 | 0 | _aArtist's library series | |
| 650 | 7 |
_aColor in art. _2BUEsh _937973 |
|
| 651 | _2BUEsh | ||
| 653 |
_bCOMAME _cJune2015 _cAugust2015 |
||
| 942 |
_2ddc _cBB |
||
| 999 |
_c19666 _d19638 |
||